Meilleur joueur du monde de rugby - Statistiques

Statistiques générales
  • Ce quiz a été pris 288 fois
  • Le résultat moyen est 12 sur 22
Statistiques - réponses
Hint Réponse % Correct
2021 Antoine Dupont
100%
2005 Dan Carter
78%
2012 Dan Carter
78%
2015 Dan Carter
78%
2003 Jonny Wilkinson
71%
2023 Ardie Savea
65%
2011 Thierry Dusautoir
60%
2006 Ritchie McCaw
56%
2009 Ritchie McCaw
56%
2010 Ritchie McCaw
56%
2016 Beauden Barrett
55%
2017 Beauden Barrett
55%
2018 Jonathan Sexton
55%
2022 Josh Van der flier
55%
2019 Pieter-Steph du Toit
52%
2002 Fabien Galthié
51%
2007 Bryan Habana
43%
2014 Brodie Retallick
29%
2008 Shane Williams
23%
2013 Kieran Read
21%
2004 Schalk Burger
15%
2001 Keith Wood
13%
Aucun quiz correspondant
Distribution des résultats
% des personnes avec chaque résultat
Percentile par nombre de réponses
Votre historique - résultats
Vous n’avez pas pris ce quiz